Arte, vocabulario y confessionario en el idioma mexicano (Record no. 153287)

MARC details
000 -LEADER
campo de control de longitud fija 01080nam a22002055i 4500
001 - NÚMERO DE CONTROL
campo de control 153287
003 - IDENTIFICADOR DE NÚMERO DE CONTROL
campo de control ES-MaACL
005 - FECHA Y HORA DE LA ÚLTIMA TRANSACCIÓN
campo de control 20230906205145.0
008 - DATOS DE LONGITUD FIJA--INFORMACIÓN GENERAL
campo de control de longitud fija 050729s1765 mx | |||||||| ||spa d
040 ## - FUENTE DE CATALOGACIÓN
Centro catalogador/agencia de origen CAM
Lengua de catalogación spa
Centro/agencia transcriptor CAM
100 1# - ENTRADA PRINCIPAL--NOMBRE DE PERSONA
Nombre de persona Cortés y Zedeño, Jerónimo Tomás de Aquino.
9 (RLIN) 40914
245 10 - MENCIÓN DEL TÍTULO
Título Arte, vocabulario y confessionario en el idioma mexicano
Resto del título : como se usa en el Obispado de Guadalaxara /
Mención de responsabilidad, etc. compuestos por el Br. D. Geronymo Thomas de Aquino Cortés y Zedeño ... quien afectuoso los dedica al señor ... Buenaventura Guadalupe Villa-Señor, Ortega, Solorzano, y Arriola ... a cuyas expensas se imprime.
260 ## - PUBLICACIÓN, DISTRIBUCIÓN, ETC.
Lugar de publicación, distribución, etc. [Puebla de los Angeles] :
Nombre del editor, distribuidor, etc. en la Imprenta del Colegio Real de San Ignacio de la Puebla de los Angeles,
Fecha de publicación, distribución, etc. 1765.
300 ## - DESCRIPCIÓN FÍSICA
Extensión [14], 984 [i.e. 184], [1] p. ;
Dimensiones 4º.
597 ## - NOTA DE DESCRIPCIÓN FÍSICA
NOTA DE DESCRIPCIÓN FÍSICA Sign.: []2, ¶\3, A-I4, J4, K-Y4, Z3.
597 ## - NOTA DE DESCRIPCIÓN FÍSICA
NOTA DE DESCRIPCIÓN FÍSICA Error de pag., consta 984 en vez de 184.
599 ## - NOTA A LAS ILUSTRACIONES
NOTA A LAS ILUSTRACIONES En []2 r. escudo xil.: "Nava Sc."
650 #4 - PUNTO DE ACCESO ADICIONAL DE MATERIA--TÉRMINO DE MATERIA
Término de materia o nombre geográfico como elemento de entrada Lengua nahua-
Subdivisión general Gramática.
9 (RLIN) 155339
852 ## - LOCALIZACIÓN
Ubicación ES-MaACL
Número de control de estantería R-875
Nota libre -- Enc. hol.
Encuadernación -- Olim: G-6330
Holdings
Estatus retirado Estado de pérdida Estado de daño No para préstamo Colección Biblioteca de origen Biblioteca actual Ubicación en estantería Fecha de adquisición Fuente de adquisición Total de préstamos Signatura topográfica completa Código de barras Visto por última vez Fecha del último préstamo Precio de reemplazo Tipo de ítem Koha
        Libros del s. XVIII Biblioteca del Ateneo de Madrid Biblioteca del Ateneo de Madrid Depósito 17/01/2008   1 R-875 1160190 12/11/2024 19/07/2023 23/02/2023 Libro impreso antiguo